[Event "XII Open"]
[Site "Crema ITA"]
[Date "2010.09.05"]
[Round "1"]
[White "Cambieri, Mario"]
[Black "Tahiraj, Almir"]
[Result "1-0"]
[WhiteElo "1889"]
[BlackElo "1548"]
[PlyCount "101"]
[EventDate "2010.09.03"]

1. c4 e5 2. Nc3 d6 3. g3 f5 4. d4 e4 5. f3 Nf6 6. Bg2 exf3 7. Nxf3 c6 8. O-O
Be7 9. Nh4 g6 10. Bg5 O-O 11. Qd2 Ng4 12. Bxe7 Qxe7 13. e4 fxe4 14. Rxf8+ Qxf8
15. Nxe4 Kg7 16. Rf1 Qe7 17. d5 cxd5 18. Qxd5 Be6 19. Qxd6 Nc6 20. Re1 Re8 21.
b3 Bf5 22. Qxe7+ Rxe7 23. Re2 Nd4 24. Nxf5+ gxf5 25. Rd2 Nxb3 26. axb3 fxe4 27.
Rd4 Nf6 28. Kf2 Kg6 29. Ke2 Kf5 30. h3 Rd7 31. Bxe4+ Ke6 32. Rxd7 Kxd7 33. Bxb7
a5 34. Ke3 Kd6 35. Kf4 Ke6 36. Kg5 Kf7 37. g4 Kg7 38. Be4 Nd7 39. Kf5 Kf7 40.
h4 Nc5 41. Bc2 h6 42. g5 hxg5 43. hxg5 Ne6 44. g6+ Ke7 45. Ke5 Nc5 46. Kd5 Ne6
47. c5 Nf4+ 48. Kc6 Ne6 49. Kb6 Nd4 50. Bd1 Kf6 51. c6 1-0

[Event "XII Open"]
[Site "Crema ITA"]
[Date "2010.09.05"]
[Round "1"]
[White "Castrogiovanni, Carlo"]
[Black "Carbone, Lorenzo"]
[Result "1-0"]
[WhiteElo "2024"]
[BlackElo "1695"]
[PlyCount "61"]
[EventDate "2010.09.03"]

1. d4 d5 2. c4 e6 3. Nc3 Nf6 4. Bg5 Be7 5. e3 O-O 6. Bd3 dxc4 7. Bxc4 Ne4 8.
Bxe7 Nxc3 9. Bxd8 Nxd1 10. Be7 Re8 11. Ba3 Nxf2 12. Kxf2 Nd7 13. Nf3 Nf6 14.
Rhe1 a6 15. Rac1 c6 16. b3 b5 17. Bd3 Bb7 18. Ne5 Rac8 19. Kg1 Nd5 20. Nd7 a5
21. g3 Red8 22. Nc5 Ba8 23. Bb2 Nf6 24. Re2 Rd5 25. Rf1 Rcd8 26. Bb1 Rh5 27.
Ref2 Ng4 28. Rxf7 Nxe3 29. R1f3 Rxc5 30. dxc5 Nf5 31. Ra7 1-0

[Event "XII Open"]
[Site "Crema ITA"]
[Date "2010.09.05"]
[Round "1"]
[White "Cattaneo, Marco"]
[Black "Secondi, Alberto"]
[Result "1-0"]
[WhiteElo "1850"]
[BlackElo "1455"]
[PlyCount "41"]
[EventDate "2010.09.03"]

1. d4 g6 2. c4 Nf6 3. Nf3 d5 4. cxd5 Qxd5 5. Nc3 Qd8 6. e4 Bg7 7. h3 b6 8. Be3
Bb7 9. Bd3 O-O 10. O-O e6 11. Qd2 Nc6 12. Rad1 Qd7 13. Bb1 Rad8 14. Bh6 Rfe8
15. Bxg7 Kxg7 16. e5 Nd5 17. Nxd5 Qxd5 18. Qf4 Na5 19. Rfe1 Qb5 20. Nh2 Re7 21.
Qf6+ 1-0

[Event "XII Open"]
[Site "Crema ITA"]
[Date "2010.09.05"]
[Round "1"]
[White "Cecchini, Massimo S."]
[Black "Everet, Alexandro"]
[Result "0-1"]
[WhiteElo "1805"]
[BlackElo "2246"]
[PlyCount "72"]
[EventDate "2010.09.03"]

1. Nf3 g6 2. c4 Bg7 3. d4 Nf6 4. Nc3 O-O 5. e4 d6 6. Be2 Nc6 7. O-O h5 8. a4
Bg4 9. Be3 Nd7 10. Ne1 e5 11. d5 Bxe2 12. Nxe2 Nb4 13. Nd3 Nxd3 14. Qxd3 a5 15.
Nc3 f5 16. f3 f4 17. Bf2 b6 18. Kh1 g5 19. h3 Nf6 20. Rae1 Qd7 21. Qd1 g4 22.
fxg4 hxg4 23. Bh4 gxh3 24. Bxf6 Rxf6 25. g4 fxg3 26. Rxf6 Bxf6 27. Qh5 Kg7 28.
Re3 g2+ 29. Kh2 Rh8 30. Rg3+ Kf8 31. Qg6 Qf7 32. Qf5 Ke7 33. Nb5 Bh4 34. Rxh3
Qxf5 35. exf5 Rg8 36. f6+ Kf7 0-1

[Event "XII Open"]
[Site "Crema ITA"]
[Date "2010.09.05"]
[Round "1"]
[White "Chiaravalloti, Francesco"]
[Black "Mansueti, Marco"]
[Result "1/2-1/2"]
[WhiteElo "1500"]
[BlackElo "1872"]
[PlyCount "43"]
[EventDate "2010.09.03"]

1. d4 d5 2. c4 e6 3. Nc3 Nf6 4. Bg5 Be7 5. e3 Nbd7 6. Bd3 c5 7. cxd5 Nxd5 8.
Bxe7 Nxe7 9. Nf3 O-O 10. Qc2 cxd4 11. Nxd4 Nf6 12. Nf3 Qa5 13. O-O Bd7 14. Rac1
Rfd8 15. Rfd1 Rac8 16. Qb3 Bc6 17. Nd4 Bd5 18. Nxd5 Nexd5 19. Rxc8 Rxc8 20.
Qxb7 Qc5 21. Nb3 Qc7 22. Qb5 1/2-1/2

[Event "XII Open"]
[Site "Crema ITA"]
[Date "2010.09.05"]
[Round "1"]
[White "Christen, Peter Walter"]
[Black "Guidi, Paolo"]
[Result "1/2-1/2"]
[WhiteElo "1544"]
[BlackElo "1884"]
[PlyCount "43"]
[EventDate "2010.09.03"]

1. e4 d6 2. d4 Nf6 3. Nc3 g6 4. Bd3 Bg7 5. Nge2 O-O 6. O-O c5 7. e5 Ng4 8. exd6
exd6 9. dxc5 dxc5 10. Ne4 Qb6 11. N2c3 Qc7 12. g3 a6 13. Bf4 Ne5 14. Nd5 Qd8
15. Be2 Be6 16. Ndf6+ Bxf6 17. Qxd8 Bxd8 18. Bxe5 Bh3 19. Rfe1 Re8 20. Nf6+
Bxf6 21. Bxf6 Nc6 22. Bf3 1/2-1/2

[Event "XII Open"]
[Site "Crema ITA"]
[Date "2010.09.05"]
[Round "1"]
[White "Colombo, Luca"]
[Black "Marchesotti, Giovanni"]
[Result "1-0"]
[WhiteElo "1918"]
[BlackElo "1578"]
[PlyCount "43"]
[EventDate "2010.09.03"]

1. e4 d6 2. Nc3 g6 3. g3 Bg7 4. Bg2 Nf6 5. d3 O-O 6. Nge2 c6 7. O-O e5 8. h3
Nbd7 9. g4 b5 10. Ng3 Nc5 11. Be3 Ne6 12. Qd2 Bb7 13. Bh6 Nd7 14. Bxg7 Kxg7 15.
Nce2 Qe7 16. f4 f6 17. f5 Ng5 18. h4 Nf7 19. fxg6 hxg6 20. h5 Nh6 21. hxg6 Kxg6
22. Qxh6+ 1-0

[Event "XII Open"]
[Site "Crema ITA"]
[Date "2010.09.05"]
[Round "1"]
[White "Distratis, Gianluca"]
[Black "Raimondi, Celso"]
[Result "0-1"]
[WhiteElo "1954"]
[BlackElo "1640"]
[PlyCount "102"]
[EventDate "2010.09.03"]

1. e4 c5 2. c3 d5 3. exd5 Qxd5 4. d4 e6 5. Nf3 Nc6 6. Be2 Nf6 7. O-O Be7 8. Be3
Ng4 9. h3 Nxe3 10. fxe3 Bg5 11. Nxg5 Qxg5 12. Rf3 O-O 13. Nd2 cxd4 14. cxd4 Ne7
15. e4 Ng6 16. Kh2 e5 17. d5 Nf4 18. Rg3 Qe7 19. Bg4 Qb4 20. Rc1 Bxg4 21. Qxg4
g6 22. Nc4 Rac8 23. Rgc3 f6 24. d6 h5 25. Qg3 Rfd8 26. Qe3 Qc5 27. Qd2 Qd4 28.
Qc2 a6 29. Rd1 Qa7 30. Ne3 Rxc3 31. Qxc3 b5 32. Qc7 Qb8 33. Qe7 Re8 34. Qc7 Rc8
35. Qa5 Ne6 36. Qxa6 Nd4 37. Nd5 Kg7 38. Ne7 Rd8 39. Nc6 Qxd6 40. Qa5 Rc8 41.
Nb4 Nf3+ 42. gxf3 Qxd1 43. Qa7+ Kh6 44. Qe3+ g5 45. h4 Qd4 46. hxg5+ fxg5 47.
Qe1 h4 48. b3 Rc3 49. Nd5 Rc2+ 50. Kh3 Qf2 51. Qh1 Qg3# 0-1

[Event "XII Open"]
[Site "Crema ITA"]
[Date "2010.09.05"]
[Round "1"]
[White "Epitome, Nando"]
[Black "Guidi, Giacomo G."]
[Result "0-1"]
[WhiteElo "1607"]
[BlackElo "1942"]
[PlyCount "98"]
[EventDate "2010.09.03"]

1. d4 e6 2. c4 f5 3. Nc3 Nf6 4. Nf3 Be7 5. Bf4 b6 6. h3 Bb7 7. e3 O-O 8. Be2
Ne4 9. Rc1 Bb4 10. Qb3 Na6 11. O-O Bxc3 12. bxc3 g5 13. Bh2 g4 14. hxg4 fxg4
15. Ne5 Nd2 16. Qa4 Nxf1 17. Rxf1 d6 18. Nd3 Qg5 19. Nf4 Rae8 20. c5 Nb8 21.
Qxa7 Bf3 22. Bc4 d5 23. Bd3 bxc5 24. Qxc7 Be4 25. Bxe4 dxe4 26. Qd6 Qe7 27.
dxc5 Qxd6 28. cxd6 Kf7 29. Rb1 e5 30. Rb7+ Kf6 31. Nd5+ Kf5 32. c4 Na6 33. Ra7
Ra8 34. Rxh7 Rh8 35. Re7 Rhe8 36. Rf7+ Ke6 37. Rf6+ Kd7 38. c5 Rab8 39. Nb6+
Kd8 40. Rf7 Nxc5 41. f3 Rxb6 42. Rf5 Rxd6 43. fxg4 Rd1+ 44. Kf2 Nd3+ 45. Kg3
Ke7 46. g5 Rf8 47. Kg4 Rxf5 48. Kxf5 Rd2 49. Kxe4 Rxg2 0-1

[Event "XII Open"]
[Site "Crema ITA"]
[Date "2010.09.05"]
[Round "1"]
[White "Guasconi, Lelio"]
[Black "Carrai, Giacomo"]
[Result "1/2-1/2"]
[WhiteElo "1482"]
[BlackElo "1860"]
[PlyCount "109"]
[EventDate "2010.09.03"]

1. d4 d5 2. Nf3 Nf6 3. Nc3 g6 4. h3 Bg7 5. Bf4 O-O 6. e3 b6 7. Ne2 Ba6 8. Ng3
Bxf1 9. Nxf1 c5 10. c3 Nc6 11. N1d2 Nh5 12. Bh2 Re8 13. O-O f5 14. Ng5 e6 15.
Re1 Qxg5 16. Nf3 Qe7 17. Qa4 Qb7 18. Ne5 Nxe5 19. dxe5 Bf8 20. Rad1 b5 21. Qc2
a5 22. g4 Ng7 23. Bf4 a4 24. Bg5 Rec8 25. Qe2 Be7 26. Bf6 c4 27. Qf3 Ne8 28. g5
Ng7 29. Bxg7 Kxg7 30. h4 Qc7 31. Qg3 b4 32. Kg2 bxc3 33. bxc3 Rab8 34. Rd2 Rb7
35. Rh1 Rh8 36. h5 Qb8 37. hxg6 hxg6 38. Rdd1 Rh5 39. Rxh5 gxh5 40. Rh1 Kg6 41.
Qf3 Qh8 42. Qg3 Rb2 43. Kh3 a3 44. Rh2 Rxa2 45. f4 Rb2 46. Qe1 Rxh2+ 47. Kxh2
Qb8 48. Qd1 Qb2+ 49. Kg3 Qxc3 50. Qa4 Qxe3+ 51. Kg2 Kf7 52. g6+ Kxg6 53. Qe8+
Kh7 54. Qxe7+ Kg8 55. Qe8+ 1/2-1/2

[Event "XII Open"]
[Site "Crema ITA"]
[Date "2010.09.05"]
[Round "1"]
[White "Guglielmetti, Oscar"]
[Black "Ventura, Franco"]
[Result "0-1"]
[WhiteElo "1779"]
[BlackElo "2099"]
[PlyCount "64"]
[EventDate "2010.09.03"]

1. Nf3 Nf6 2. g3 g6 3. Bg2 Bg7 4. d3 d6 5. Nc3 c5 6. O-O Nc6 7. e4 O-O 8. a3 a6
9. Ne2 Rb8 10. Nh4 d5 11. Bf4 e5 12. exd5 Nxd5 13. Be3 Nxe3 14. fxe3 Qb6 15.
Rb1 c4 16. dxc4 Qxe3+ 17. Kh1 Bg4 18. Nf3 Rbd8 19. Qe1 e4 20. Nfg1 Ne5 21. Rf4
Bf3 22. Bxf3 exf3 23. Qc3 Qf2 24. Rxf3 Nxf3 25. Qxf3 Qxf3+ 26. Nxf3 Rfe8 27.
Neg1 Bd4 28. Ne1 Bxg1 29. Kxg1 Rd2 30. Rc1 Ree2 31. h3 f5 32. b4 Re3 0-1

[Event "XII Open"]
[Site "Crema ITA"]
[Date "2010.09.05"]
[Round "1"]
[White "Lanni, Vincenzo"]
[Black "Okhotnik, Vladimir"]
[Result "0-1"]
[WhiteElo "1817"]
[BlackElo "2437"]
[PlyCount "38"]
[EventDate "2010.09.03"]

1. d4 c5 2. d5 f5 3. e3 g6 4. Nf3 Bg7 5. Na3 Nf6 6. d6 a6 7. c3 b5 8. Be2 Bb7
9. O-O Nc6 10. dxe7 Qxe7 11. Qc2 d5 12. b3 O-O 13. Bb2 Rfe8 14. Rfe1 Ne4 15.
Rad1 Rad8 16. Nb1 Qf6 17. Ba1 c4 18. Nbd2 Nxc3 19. Bf1 Nb4 0-1

[Event "XII Open"]
[Site "Crema ITA"]
[Date "2010.09.05"]
[Round "1"]
[White "Maddaloni, Giovanni"]
[Black "Gagliardi, Christian"]
[Result "0-1"]
[WhiteElo "1801"]
[BlackElo "2192"]
[PlyCount "52"]
[EventDate "2010.09.03"]

1. e4 g6 2. d4 Bg7 3. Nc3 d6 4. f4 c6 5. Nf3 d5 6. e5 h5 7. Be2 Nh6 8. O-O Bg4
9. Ng5 Bxe2 10. Nxe2 e6 11. b3 Nd7 12. Kh1 Bf8 13. c4 Be7 14. a4 Nf5 15. Qd2
Qb6 16. c5 Qxb3 17. Rf3 Qc4 18. Rc3 Qa6 19. Rb1 Nxd4 20. Qxd4 Qxe2 21. Ba3 Bxg5
22. fxg5 Qxe5 23. Qxe5 Nxe5 24. Rxb7 O-O 25. Rcb3 Nc4 26. Bc1 Na5 0-1

[Event "XII Open"]
[Site "Crema ITA"]
[Date "2010.09.05"]
[Round "1"]
[White "Molteni, Diego"]
[Black "Guzzetti, Luigi Enrico"]
[Result "0-1"]
[WhiteElo "1527"]
[BlackElo "1878"]
[PlyCount "82"]
[EventDate "2010.09.03"]

1. d4 Nf6 2. c4 g6 3. Nc3 Bg7 4. e4 d6 5. Be2 O-O 6. Nf3 c5 7. d5 e6 8. O-O
exd5 9. exd5 Bg4 10. h3 Bxf3 11. Bxf3 Nbd7 12. Bf4 Nb6 13. Qb3 a6 14. Rae1 Qc7
15. Re2 Nfd7 16. Rfe1 Ne5 17. Bxe5 Bxe5 18. g3 Nd7 19. Bg2 Rfe8 20. Kh1 Kf8 21.
f4 Bd4 22. Ne4 h6 23. h4 f5 24. Nd2 Rxe2 25. Rxe2 Re8 26. Rxe8+ Kxe8 27. Nf3
Nf6 28. Nxd4 cxd4 29. Qd3 Qc5 30. Qe2+ Kd8 31. Qe6 Ng4 32. Bf3 Ne3 33. Qf6+ Kc7
34. Qe7+ Kb8 35. b3 d3 36. b4 Qd4 37. Qxd6+ Ka7 38. a3 d2 39. c5 d1=Q+ 40. Bxd1
Qxd1+ 41. Kh2 Qe2+ 0-1

[Event "XII Open"]
[Site "Crema ITA"]
[Date "2010.09.05"]
[Round "1"]
[White "Oteri, Aldo"]
[Black "Cretti, Marco"]
[Result "1-0"]
[WhiteElo "1829"]
[BlackElo "1410"]
[PlyCount "41"]
[EventDate "2010.09.03"]

1. e4 c5 2. Nf3 d6 3. d4 cxd4 4. Nxd4 Nc6 5. Nc3 Nf6 6. Bg5 e5 7. Nxc6 bxc6 8.
Bc4 Be7 9. Qd2 h6 10. Bh4 O-O 11. O-O-O Ne8 12. Bxe7 Qxe7 13. f4 Be6 14. Bxe6
Qxe6 15. f5 Qf6 16. h4 Qe7 17. g4 f6 18. Rdg1 Kh7 19. g5 hxg5 20. hxg5+ Kg8 21.
g6 1-0

[Event "XII Open"]
[Site "Crema ITA"]
[Date "2010.09.05"]
[Round "1"]
[White "Pace, Roberto"]
[Black "Tedoldi, Guido"]
[Result "1-0"]
[WhiteElo "1984"]
[BlackElo "1678"]
[PlyCount "45"]
[EventDate "2010.09.03"]

1. e4 c5 2. Nf3 Nc6 3. d4 cxd4 4. Nxd4 e5 5. Nb5 d6 6. N1c3 a6 7. Na3 Nf6 8.
Bg5 Be7 9. Bxf6 Bxf6 10. Nc4 Nd4 11. Nd5 b5 12. Ncb6 Rb8 13. Nxc8 Rxc8 14. c3
Nc6 15. Be2 O-O 16. O-O Bg5 17. a4 Ne7 18. Nxe7+ Qxe7 19. axb5 axb5 20. Bxb5
Qb7 21. Ba6 Qxb2 22. Bxc8 Rxc8 23. Qg4 1-0

[Event "XII Open"]
[Site "Crema ITA"]
[Date "2010.09.05"]
[Round "1"]
[White "Peschechera, Francesco"]
[Black "Stella, Luca"]
[Result "0-1"]
[WhiteElo "1704"]
[BlackElo "2042"]
[PlyCount "78"]
[EventDate "2010.09.03"]

1. e4 c5 2. Nf3 d6 3. d4 cxd4 4. Nxd4 Nf6 5. Nc3 g6 6. Bd3 Bg7 7. O-O O-O 8.
Bg5 Nbd7 9. Qd2 Qc7 10. Bh6 a6 11. Bxg7 Kxg7 12. Rfe1 b5 13. Nd5 Nxd5 14. exd5
Nf6 15. Qg5 h6 16. Qg3 Qb7 17. Ne6+ Bxe6 18. dxe6 Nh5 19. Qe3 f5 20. Qd4+ Nf6
21. Re3 Qd5 22. Qb6 Rfb8 23. Qc7 Rb7 24. Qc3 b4 25. Qd2 a5 26. Rae1 Rc7 27. Rh3
g5 28. Rf3 f4 29. h4 Rac8 30. hxg5 hxg5 31. Qe2 Qd4 32. g3 Rc5 33. Qf1 Re5 34.
Rxe5 dxe5 35. Bf5 e4 36. Bxe4 Qxe4 37. Kg2 g4 38. Qb5 gxf3+ 39. Kf1 Qe2+ 0-1

[Event "XII Open"]
[Site "Crema ITA"]
[Date "2010.09.05"]
[Round "1"]
[White "Pinna, Ferdinando"]
[Black "Galli, Fabrizio"]
[Result "1-0"]
[WhiteElo "1858"]
[BlackElo "1472"]
[PlyCount "35"]
[EventDate "2010.09.03"]

1. e4 d6 2. d4 g6 3. c4 Bg7 4. Nc3 Nf6 5. Nf3 c6 6. Be2 O-O 7. O-O Nbd7 8. Qc2
e5 9. d5 Nc5 10. Rb1 Nh5 11. b4 Na6 12. c5 Nc7 13. dxc6 bxc6 14. cxd6 Qxd6 15.
Rd1 Qf6 16. Bg5 Qe6 17. Bd8 Ne8 18. Ng5 1-0

[Event "XII Open"]
[Site "Crema ITA"]
[Date "2010.09.05"]
[Round "1"]
[White "Pisani, Valerio"]
[Black "Reduzzi, Maurizio"]
[Result "0-1"]
[WhiteElo "1749"]
[BlackElo "2089"]
[PlyCount "68"]
[EventDate "2010.09.03"]

1. e4 e6 2. Nf3 c5 3. d4 cxd4 4. Nxd4 a6 5. a4 Nf6 6. Bd3 Qc7 7. O-O Nc6 8. c3
d5 9. Re1 dxe4 10. Bxe4 Nxe4 11. Rxe4 Bd6 12. h3 Bd7 13. b4 Nxd4 14. Rxd4 Be5
15. Rd3 Bc6 16. Na3 Bd5 17. Bb2 O-O 18. Qe2 Rac8 19. g3 f5 20. Re3 Bf6 21. f4
Rfe8 22. Rd1 Qc6 23. b5 Qc5 24. Kh2 g5 25. bxa6 bxa6 26. Red3 Rb8 27. Bc1 gxf4
28. gxf4 Kh8 29. Rg1 Rg8 30. Rdg3 Rxg3 31. Rxg3 Rg8 32. Rxg8+ Kxg8 33. Nb1 Qb6
34. Qc2 Be4 0-1

[Event "XII Open"]
[Site "Crema ITA"]
[Date "2010.09.05"]
[Round "1"]
[White "Quagliarella, Sabino Remo"]
[Black "Cattaneo, Dario"]
[Result "1-0"]
[WhiteElo "1937"]
[BlackElo "1599"]
[PlyCount "53"]
[EventDate "2010.09.03"]

1. d4 d5 2. c4 Nf6 3. cxd5 Nxd5 4. Nf3 e6 5. e4 Nf6 6. Nc3 h6 7. Bd3 b6 8. O-O
Be7 9. h3 Ba6 10. Bxa6 Nxa6 11. Qa4+ Nd7 12. Qxa6 O-O 13. Bf4 f6 14. Qc4 Kf7
15. Qxc7 Qe8 16. Nb5 g5 17. Bd6 Rg8 18. Rac1 g4 19. hxg4 Rxg4 20. Bxe7 Qxe7 21.
Qh2 a6 22. Qh5+ Rg6 23. Nh4 Rag8 24. Nxg6 Rxg6 25. Nc7 Qb4 26. Nxe6 Qd6 27. Rc6
1-0

[Event "XII Open"]
[Site "Crema ITA"]
[Date "2010.09.05"]
[Round "1"]
[White "Ranfagni, Stefano"]
[Black "Cautiero, Pietro"]
[Result "1-0"]
[WhiteElo "2011"]
[BlackElo "1686"]
[PlyCount "33"]
[EventDate "2010.09.03"]

1. e4 e6 2. d4 d5 3. Nd2 dxe4 4. Nxe4 Nd7 5. Nf3 Ngf6 6. Nxf6+ Nxf6 7. Bd3 Bd6
8. Bg5 h6 9. Bh4 b6 10. Ne5 g5 11. Qf3 Bd7 12. Bg3 Rc8 13. Ba6 Rb8 14. O-O-O
Rg8 15. h3 Qe7 16. Rhe1 Kf8 17. Qxf6 1-0

[Event "XII Open"]
[Site "Crema ITA"]
[Date "2010.09.05"]
[Round "1"]
[White "Regorda, Vittorio"]
[Black "Gemelli, Giovanni"]
[Result "1-0"]
[WhiteElo "1872"]
[BlackElo "1500"]
[PlyCount "39"]
[EventDate "2010.09.03"]

1. d4 Nf6 2. c4 g6 3. Nc3 d5 4. e3 Bg7 5. b3 e6 6. Ba3 Nc6 7. Nf3 Ne7 8. Bd3
O-O 9. O-O b6 10. c5 Re8 11. Ne5 Nd7 12. f4 bxc5 13. Bb5 Bxe5 14. fxe5 cxd4 15.
exd4 Bb7 16. Qf3 Rf8 17. Bxd7 Qxd7 18. Qf6 Rfe8 19. Bc1 Nf5 20. Rxf5 1-0

[Event "XII Open"]
[Site "Crema ITA"]
[Date "2010.09.05"]
[Round "1"]
[White "Riboldi, Raffaele"]
[Black "Madaschi, Sergio"]
[Result "1-0"]
[WhiteElo "1923"]
[BlackElo "1587"]
[PlyCount "108"]
[EventDate "2010.09.03"]

1. d4 Nf6 2. c4 e6 3. Nc3 d5 4. cxd5 exd5 5. Bg5 Nbd7 6. e3 Be7 7. Bd3 h6 8.
Bh4 O-O 9. Nge2 c6 10. Qc2 Re8 11. O-O Qc7 12. Rac1 a6 13. Bg3 Bd6 14. Nf4 Nf8
15. Ncxd5 Qd8 16. Nxf6+ Qxf6 17. Nh5 Qe7 18. Bxd6 Qxd6 19. Ng3 Be6 20. a3 Rac8
21. Ne4 Qe7 22. Qc5 Nd7 23. Qxe7 Rxe7 24. Nd6 Rb8 25. Rc3 Nf6 26. Nc4 Nd5 27.
Rcc1 Bd7 28. Ne5 Be6 29. b4 Rc8 30. Rc2 Rcc7 31. Rfc1 f6 32. Nf3 g5 33. Bc4 Kg7
34. Bxd5 Bxd5 35. Nd2 Re8 36. a4 Rce7 37. Rc3 Kg6 38. Nc4 h5 39. Nb6 Be4 40. f3
Bf5 41. e4 Be6 42. d5 cxd5 43. exd5 Bf5 44. d6 Re1+ 45. Rxe1 Rxe1+ 46. Kf2 Rd1
47. Rc7 Rxd6 48. Rxb7 Rd4 49. b5 axb5 50. axb5 Bd3 51. Ke3 Rd8 52. Na4 Bc2 53.
Nc5 Rc8 54. Kd4 Bf5 1-0

[Event "XII Open"]
[Site "Crema ITA"]
[Date "2010.09.05"]
[Round "1"]
[White "Rizzi, Pietro"]
[Black "Giallombardo, Federico"]
[Result "0-1"]
[WhiteElo "1579"]
[BlackElo "1919"]
[PlyCount "126"]
[EventDate "2010.09.03"]

1. e4 c6 2. d4 d5 3. Nc3 dxe4 4. Nxe4 Bf5 5. Ng3 Bg6 6. h4 h6 7. Nf3 Nd7 8. h5
Bh7 9. Bd3 Bxd3 10. Qxd3 e6 11. Bd2 Ngf6 12. Bf4 Qa5+ 13. c3 Be7 14. b4 Qa4 15.
O-O Nd5 16. Bd2 O-O 17. Rfe1 b6 18. a3 c5 19. c4 N5f6 20. b5 cxd4 21. Nxd4 Nc5
22. Qc3 Nfd7 23. Rab1 a5 24. f4 Bf6 25. Ne4 Nxe4 26. Rxe4 Nc5 27. Ree1 Rfd8 28.
Be3 Rac8 29. g4 e5 30. fxe5 Bxe5 31. Rbd1 Ne6 32. Qb3 Qxb3 33. Nxb3 a4 34.
Rxd8+ Rxd8 35. Bxb6 Bc3 36. Bxd8 Bxe1 37. Nc1 Nxd8 38. Nd3 Bc3 39. Kg2 Kf8 40.
Kf3 Ke7 41. Ke4 Kd6 42. c5+ Kc7 43. Kd5 Ne6 44. Kc4 Bd4 45. Kb4 g6 46. hxg6
fxg6 47. Kxa4 Nxc5+ 48. Nxc5 Bxc5 49. Kb3 Kb6 50. a4 Be3 51. Kc4 Ka5 52. Kd3
Bg1 53. Ke4 Kxa4 54. Ke5 Kxb5 55. Kf6 g5 56. Kf5 Kc5 57. Ke6 Kd4 58. Kf5 Be3
59. Kg6 Ke4 60. Kxh6 Kf3 61. Kh5 Kg3 62. Kg6 Kxg4 63. Kf6 Kf3 0-1

[Event "XII Open"]
[Site "Crema ITA"]
[Date "2010.09.05"]
[Round "1"]
[White "Salami, Marco"]
[Black "Acunzo, Domenico"]
[Result "1-0"]
[WhiteElo "2195"]
[BlackElo "1802"]
[PlyCount "143"]
[EventDate "2010.09.03"]

1. e4 e6 2. d3 d5 3. Nd2 Ne7 4. Ngf3 c5 5. g3 g6 6. Bg2 Bg7 7. O-O Nbc6 8. Re1
b6 9. exd5 exd5 10. c4 O-O 11. cxd5 Nxd5 12. Nc4 Bb7 13. Qb3 Ndb4 14. Rd1 Nd4
15. Nxd4 Bxg2 16. Kxg2 Bxd4 17. Be3 Qd5+ 18. Kg1 Nc6 19. Rab1 Rad8 20. Qb5 Rfe8
21. a3 Ne7 22. Bxd4 Qxd4 23. Re1 Qd7 24. Qxd7 Rxd7 25. Ne5 Rdd8 26. b4 cxb4 27.
axb4 Nf5 28. Nc6 Rxe1+ 29. Rxe1 Rxd3 30. Nxa7 Nd4 31. Kg2 Rb3 32. Re4 Rxb4 33.
Nc8 Nc6 34. Rxb4 Nxb4 35. Nxb6 f5 36. Kf3 Kf7 37. h4 h6 38. Ke3 Ke6 39. Kf4
Nd3+ 40. Ke3 Ne5 41. Kd4 Nf3+ 42. Ke3 Ne5 43. Na4 Ng4+ 44. Ke2 Ke5 45. Nc5 Nf6
46. Nd3+ Ke4 47. f3+ Kd4 48. Nf4 g5 49. hxg5 hxg5 50. Ne6+ Ke5 51. Nxg5 Nh5 52.
Kf2 f4 53. g4 Nf6 54. Nh3 Nd5 55. Ng1 Ne3 56. Ne2 Nd5 57. Kg2 Kf6 58. Kh3 Kg5
59. Nd4 Kg6 60. Kh4 Ne3 61. Ne6 Nd5 62. g5 Kf5 63. Nd4+ Kg6 64. Kg4 Kh7 65. Kf5
Ne7+ 66. Kxf4 Kg6 67. Kg4 Nd5 68. f4 Ne3+ 69. Kf3 Nd5 70. Ke4 Ne7 71. Ke5 Ng8
72. Ke6 1-0

[Event "XII Open"]
[Site "Crema ITA"]
[Date "2010.09.05"]
[Round "1"]
[White "Scotti, Luigi"]
[Black "Attuati, Stefano"]
[Result "0-1"]
[WhiteElo "1592"]
[BlackElo "1930"]
[PlyCount "58"]
[EventDate "2010.09.03"]

1. e4 e6 2. Nf3 d5 3. e5 c5 4. c3 Qb6 5. g3 Nc6 6. d3 f6 7. Qe2 fxe5 8. Nxe5
Nxe5 9. Qxe5 Nf6 10. Bg2 Bd6 11. Qe2 O-O 12. O-O Bd7 13. Nd2 e5 14. Re1 Kh8 15.
h3 Rae8 16. b3 Bf5 17. Bb2 e4 18. dxe4 Nxe4 19. Nxe4 Bxe4 20. Bxe4 Rxe4 21. Qd2
c4 22. Kg2 Bc5 23. f3 Re3 24. Rxe3 Bxe3 25. Qxd5 Rd8 26. Qf7 Rd2+ 27. Kf1 Qd8
28. Qxc4 Rd1+ 29. Rxd1 Qxd1+ 0-1

[Event "XII Open"]
[Site "Crema ITA"]
[Date "2010.09.05"]
[Round "1"]
[White "Stella, Andrea"]
[Black "Cocconcelli, Lorenzo"]
[Result "1-0"]
[WhiteElo "2334"]
[BlackElo "1809"]
[PlyCount "42"]
[EventDate "2010.09.03"]

1. d4 d5 2. c4 e6 3. Nf3 Nf6 4. e3 Be7 5. Nbd2 Nbd7 6. b3 O-O 7. Bd3 b6 8. O-O
Bb7 9. Bb2 Re8 10. Qc2 Nf8 11. Ne5 c5 12. f4 Rc8 13. Ndf3 Ne4 14. Qe2 Ng6 15.
Rad1 Qc7 16. dxc5 Nxc5 17. f5 exf5 18. Bxf5 Rcd8 19. Nxf7 Kxf7 20. Ne5+ Kg8 21.
Nxg6 Bg5 1-0

[Event "XII Open"]
[Site "Crema ITA"]
[Date "2010.09.05"]
[Round "1"]
[White "Stradiotti, Maurizio"]
[Black "Martino, Antonio M."]
[Result "0-1"]
[WhiteElo "1686"]
[BlackElo "1991"]
[PlyCount "68"]
[EventDate "2010.09.03"]

1. d4 Nf6 2. e3 g6 3. f4 Bg7 4. Nf3 O-O 5. Bd3 d6 6. Nbd2 Nbd7 7. c3 Re8 8. O-O
e5 9. Qc2 Nd5 10. Ne4 exd4 11. cxd4 Nb4 12. Qb3 Nxd3 13. Qxd3 Nb6 14. Bd2 Bf5
15. Nfg5 d5 16. Nxf7 Kxf7 17. Ng5+ Kg8 18. Qb5 c6 19. Qb3 Qd7 20. Nf3 Nc4 21.
Bc1 Be4 22. Qd1 Bxf3 23. Qxf3 Qf5 24. b3 Nd6 25. Ba3 Nb5 26. Bb4 Rxe3 27. Qd1
Bxd4 28. Kh1 Bxa1 29. Qxa1 Rae8 30. a4 Nc7 31. Bd6 Ne6 32. Qd1 Qd3 33. Qa1 Nd4
34. b4 Nc2 0-1

[Event "XII Open"]
[Site "Crema ITA"]
[Date "2010.09.05"]
[Round "1"]
[White "Tagliaferri, Valerio"]
[Black "Folcini, Gaddo"]
[Result "1-0"]
[WhiteElo "1884"]
[BlackElo "1543"]
[PlyCount "72"]
[EventDate "2010.09.03"]

1. e4 e5 2. Nf3 d5 3. Nxe5 Nf6 4. exd5 Qxd5 5. d4 Be6 6. Nc3 Bb4 7. Be3 Ne4 8.
Qd3 O-O 9. f3 Bxc3+ 10. bxc3 Nf6 11. c4 Qd8 12. Qb3 Nc6 13. Nxc6 bxc6 14. Bd3
Re8 15. Kf2 Bg4 16. Rhe1 Qd7 17. Rab1 Re7 18. Qc3 Rae8 19. Bg5 Bxf3 20. Bxf6
gxf6 21. Kxf3 Rxe1 22. Rxe1 Rxe1 23. Qxe1 Qxd4 24. Qe4 Qa1 25. Qxc6 Qxa2 26.
Qxc7 Qa1 27. Qg3+ Kf8 28. Qf4 a5 29. c5 a4 30. c6 a3 31. Qb4+ Kg7 32. c7 Qd1+
33. Kg3 a2 34. c8=Q Qxd3+ 35. cxd3 a1=Q 36. Qbg4+ Kh6 1-0

[Event "XII Open"]
[Site "Crema ITA"]
[Date "2010.09.05"]
[Round "1"]
[White "Vecchio, Paolo L."]
[Black "Scarabelli, Maurizio"]
[Result "0-1"]
[WhiteElo "1368"]
[BlackElo "1825"]
[PlyCount "90"]
[EventDate "2010.09.03"]

1. e4 c5 2. Bc4 e6 3. Nf3 a6 4. d3 Nc6 5. a3 Qc7 6. Be3 Be7 7. Nc3 d6 8. b3 b5
9. Bd5 exd5 10. Nxd5 Qd8 11. c4 Nf6 12. cxb5 axb5 13. d4 Nxd5 14. exd5 Nxd4 15.
Bxd4 cxd4 16. Qxd4 Bf6 17. Qe3+ Qe7 18. Qxe7+ Kxe7 19. Ra2 Re8 20. b4 Kf8+ 21.
Kd1 Bg4 22. Re1 Bxf3+ 23. gxf3 Rxe1+ 24. Kxe1 Bc3+ 25. Kd1 Bxb4 26. Rb2 Bc5 27.
Rxb5 Rxa3 28. Rb8+ Ke7 29. Rc8 Rxf3 30. Rg8 g6 31. Rg7 Rh3 32. f4 Rxh2 33. Kc1
h5 34. f5 Kf6 35. Rh7 g5 36. Rh6+ Kxf5 37. Kd1 g4 38. Rh7 f6 39. Rd7 g3 40. Rc7
g2 41. Kc2 g1=Q+ 42. Kb3 Qe3+ 43. Ka4 Qa3+ 44. Kb5 Rb2+ 45. Kc6 Qa4# 0-1